000 00763nam a2200289Ia 4500
005 20260324141437.0
008 008 260324s9999 xx 000 0 eng d
020 _a9780429319747
037 _aEBOOK
040 _aCRL
040 _beng
040 _cCRL
041 _2eng
041 _aeng
084 _qCRL
100 _aDaniel D. Challener
_91208208
245 0 _aStories of Resilience in Childhood
245 0 _bNarratives of Maya Angelou, Maxine Hong Kingston, Richard Rodriguez, John Edgar Wideman and Tobias Wolff
260 _bTaylor and Francis
260 _c1997
365 _a
365 _b170
856 _uhttp://www.taylorfrancis.com/books/9780429319747
942 _cEBOOK
999 _c1811311
_d1811311